MARC details
| 000 -CABECERA |
| campo de control de longitud fija |
02053nam a2200301 4500 |
| 003 - IDENTIFICADOR DEL NÚMERO DE CONTROL |
| campo de control |
EC-UNACH |
| 005 - FECHA Y HORA DE LA ÚLTIMA TRANSACCIÓN |
| campo de control |
20251203161935.0 |
| 006 - CÓDIGOS DE INFORMACIÓN DE LONGITUD FIJA--CARACTERÍSTICAS DEL MATERIAL ADICIONAL |
| campo de control de longitud fija |
s||||gr|||| 00| 00 |
| 008 - DATOS DE LONGITUD FIJA--INFORMACIÓN GENERAL |
| campo de control de longitud fija |
150116t9999 mx r gr 000 0 spa d |
| 020 ## - NÚMERO INTERNACIONAL ESTÁNDAR DEL LIBRO |
| Número Internacional Estándar del Libro |
978-84-7978-864-3 |
| 040 ## - FUENTE DE LA CATALOGACIÓN |
| Centro catalogador/agencia de origen |
EC-UNACH |
| Centro/agencia transcriptor |
EC-UNACH |
| 041 ## - CÓDIGO DE LENGUA |
| Código de lengua del texto/banda sonora o título independiente |
spa |
| 082 04 - NÚMERO DE LA CLASIFICACIÓN DECIMAL DEWEY |
| Número de edición |
23 |
| Número de clasificación |
620.86 |
| Número de documento/Ítem |
L018418 |
| 110 ## - ENTRADA PRINCIPAL--NOMBRE DE ENTIDAD CORPORATIVA |
| Nombre de entidad corporativa o nombre de jurisdicción como elemento de entrada |
Ediciones Diaz de Santos S.A |
| 245 ## - MENCIÓN DE TÍTULO |
| Título |
Seguridad Industrial en Plantas Químicas y Energéticas |
| 250 ## - MENCIÓN DE EDICIÓN |
| Mención de edición |
Segunda edición |
| 264 ## - Producción, publicación, distribución, fabricación y copyright |
| Lugar de producción, publicación, distribución, fabricación |
España |
| Nombre del de productor, editor, distribuidor, fabricante |
Ediciones Diaz de Santos S.A |
| Fecha de de producción, publicación, distribución, fabricación o copyright |
2008 |
| 300 ## - DESCRIPCIÓN FÍSICA |
| Extensión |
941 |
| 505 ## - NOTA DE CONTENIDO CON FORMATO |
| Nota de contenido con formato |
Capítulo 1. Accidentes: tipos, estadísticas y bancos de datos<br/>Capitulo 2. Química, física e ingeniería de los accidentes y de la extinción<br/>Capítulo 3. Gestión de la seguridad en las industrias químicas y energéticas<br/>Capítulo 4. Legislación para la seguridad industrial<br/>Capítulo 5. Introducción y generalidades<br/>Capítulo 6. Métodos cualitativos para el análisis de riesgos<br/>Capítulo 7. Métodos semicuantitativos para el análisis de riesgos<br/>Capítulo 8. Métodos cuantitativos para el análisis de riesgos<br/>Capítulo 9. Determinación de riesgos para el entorno<br/>Capítulo 10. Criterios para elegir métodos para identificación y evaluación de riesgos<br/>Capítulo 11. Introducción<br/>Capítulo 12. Seguridad, emplazamiento y distribución de planta<br/>Capítulo 13. Seguridad en el diseño de proceso<br/>Capítulo 14. Protección de sistemas eléctricos<br/>Capítulo 15. Sistemas para defensa contra incendios<br/>Capítulo 16. Sistemas para la defensa contra explosiones<br/>Capítulo 17. Medios de protección pasiva<br/>Capítulo 18. Protección de las unidades y equipo para proceso<br/>Capítulo 19. La norma iso 13.702<br/>Capitulo 20. Gestión de los riesgos laborales<br/> |
| 650 ## - PUNTO DE ACCESO ADICIONAL DE MATERIA--TÉRMINO DE MATERIA |
| Término de materia o nombre geográfico como elemento inicial |
TOPOLOGÍA DE ACCIDENTES |
| 650 ## - PUNTO DE ACCESO ADICIONAL DE MATERIA--TÉRMINO DE MATERIA |
| Término de materia o nombre geográfico como elemento inicial |
CONCEPTOS BASICOS |
| 650 ## - PUNTO DE ACCESO ADICIONAL DE MATERIA--TÉRMINO DE MATERIA |
| Término de materia o nombre geográfico como elemento inicial |
REACCIONES QUIMICAS |
| 700 ## - PUNTO DE ACCESO ADICIONAL--NOMBRE DE PERSONA |
| Nombre de persona |
J.M, Storch de Gracia / T García Martin |
| 942 ## - ELEMENTOS DE PUNTO DE ACCESO ADICIONAL (KOHA) |
| Fuente del sistema de clasificación o colocación |
Clasificación Decimal Dewey |
| Tipo de ítem Koha |
Libros |
| 999 ## - NÚMEROS DE CONTROL DE SISTEMA (KOHA) |
| Koha biblionumber |
14244 |